[Event "Aut_chT"]
[Site "Frohnleiten"]
[Date "2002.12.06"]
[Round "2.4"]
[White "Kilgus, Georg"]
[Black "Mueller, Roland"]
[Result "1-0"]
[WhiteElo "2346"]
[BlackElo "2188"]
[PlyCount "49"]
[EventDate "2002.12.05"]

1. Nf3 Nf6 2. c4 g6 3. g3 d5 4. cxd5 Nxd5 5. Bg2 Bg7 6. O-O O-O 7. d4 Nc6 8. e4
Nb6 9. d5 Na5 10. Nc3 c6 11. Re1 Bd7 12. Qe2 Re8 13. Bg5 h6 14. Be3 e5 15. Rad1
Qe7 16. d6 Qe6 17. b3 Nc8 18. Qd2 Kh7 19. Na4 b6 20. Nc5 Nc4 21. Nxe6 Nxd2 22.
Nc7 Nxe4 23. Nxe8 Nc3 24. Nxg7 Nxd1 25. Rxd1 1-0

[Event "Aut_chT"]
[Site "Frohnleiten"]
[Date "2002.12.06"]
[Round "2.4"]
[White "Prager, Manfred"]
[Black "Postl, Anton"]
[Result "1/2-1/2"]
[WhiteElo "2087"]
[BlackElo "2322"]
[PlyCount "60"]
[EventDate "2002.12.05"]

1. e4 c5 2. Nf3 d6 3. d4 cxd4 4. Nxd4 Nf6 5. Nc3 a6 6. Be2 e5 7. Nb3 Be7 8. Be3
O-O 9. O-O Be6 10. Nd5 Nbd7 11. Nxe7+ Qxe7 12. f3 d5 13. exd5 Nxd5 14. Bf2 Rac8
15. c3 Rfd8 16. Qc2 Qg5 17. Rfe1 N7f6 18. Rad1 Nf4 19. Bg3 N6h5 20. Bxf4 Nxf4
21. Bf1 Bf5 22. Rxd8+ Rxd8 23. Qc1 Bd3 24. g3 Bxf1 25. Kxf1 Qh5 26. gxf4 Qxf3+
27. Kg1 Rd6 28. f5 Qg4+ 29. Kh1 Qf3+ 30. Kg1 Qg4+ 1/2-1/2

[Event "Aut_chT"]
[Site "Frohnleiten"]
[Date "2002.12.06"]
[Round "2.5"]
[White "Schlosser, Philipp"]
[Black "Muse, Mladen"]
[Result "1-0"]
[WhiteElo "2534"]
[BlackElo "2474"]
[PlyCount "51"]
[EventDate "2002.12.05"]

1. d4 Nf6 2. c4 g6 3. Nc3 Bg7 4. e4 d6 5. Be2 O-O 6. Nf3 e5 7. O-O exd4 8. Nxd4
Re8 9. f3 c6 10. Kh1 Nh5 11. g4 Nf6 12. Rg1 Nfd7 13. Be3 Na6 14. Qd2 Qh4 15.
Bg5 Qf2 16. Rad1 Nf8 17. Bh6 Bf6 18. Rg3 g5 19. Nf5 Ne6 20. h4 Bxc3 21. Qxc3
Qxe2 22. Rxd6 Qf1+ 23. Kh2 Nac7 24. Bxg5 h6 25. Bd8 Qf2+ 26. Rg2 1-0

[Event "Aut_chT"]
[Site "Frohnleiten"]
[Date "2002.12.06"]
[Round "2.5"]
[White "Grosar, Aljosa"]
[Black "Stangl, Markus"]
[Result "0-1"]
[WhiteElo "2474"]
[BlackElo "2494"]
[PlyCount "78"]
[EventDate "2002.12.05"]

1. e4 c5 2. c3 e6 3. d4 d5 4. exd5 exd5 5. Nf3 Nc6 6. Bb5 Bd6 7. dxc5 Bxc5 8.
O-O Nge7 9. Nbd2 O-O 10. Nb3 Bb6 11. h3 Nf5 12. Bd3 h6 13. Bc2 Re8 14. Qd3 Re4
15. Rd1 Be6 16. Qd2 Rc4 17. Bd3 Ra4 18. Qc2 Nh4 19. Nbd4 Nxd4 20. Nxd4 Bd7 21.
Be3 Rc8 22. Qe2 Qf6 23. Qh5 Rd8 24. Rd2 Bc8 25. b3 Ra5 26. b4 Ra3 27. Rc1 a6
28. Bc2 a5 29. Bb3 a4 30. Bc2 Kh8 31. Bb1 Bd7 32. Qe2 Re8 33. Qd3 Re4 34. Nb5
Qg6 35. g3 Bxe3 36. Qxe4 dxe4 37. fxe3 Qxg3+ 38. Kh1 Bxb5 39. Bxe4 f5 0-1

[Event "Aut_chT"]
[Site "Frohnleiten"]
[Date "2002.12.06"]
[Round "2.5"]
[White "Weinzettl, Ernst"]
[Black "Fahrner, Kurt"]
[Result "1/2-1/2"]
[WhiteElo "2354"]
[BlackElo "2364"]
[PlyCount "58"]
[EventDate "2002.12.05"]

1. e4 d5 2. exd5 Nf6 3. c4 e6 4. d4 exd5 5. Nc3 c6 6. Bd3 Be7 7. Nge2 O-O 8. h3
dxc4 9. Bxc4 Nbd7 10. O-O Nb6 11. Bb3 Nbd5 12. Nf4 b6 13. Qf3 Bb7 14. Re1 Re8
15. Nfxd5 Nxd5 16. Nxd5 cxd5 17. Bf4 Qd7 18. Be5 Rac8 19. Re3 Bg5 20. Ree1 f6
21. Bg3 Rxe1+ 22. Rxe1 Rc1 23. Rxc1 Bxc1 24. Qc3 Qc6 25. Qe1 Kf7 26. Qd1 g6 27.
Ba4 Qc8 28. Qe2 Qe6 29. Qc2 Qc8 1/2-1/2

[Event "Aut_chT"]
[Site "Frohnleiten"]
[Date "2002.12.06"]
[Round "2.5"]
[White "Frosch, Erich"]
[Black "Blaas, Hansjoerg"]
[Result "1/2-1/2"]
[WhiteElo "2343"]
[BlackElo "2266"]
[PlyCount "56"]
[EventDate "2002.12.05"]

1. d4 d5 2. Nf3 e6 3. c4 c6 4. e3 Nf6 5. Nc3 Bd6 6. a3 Nbd7 7. b4 O-O 8. Bb2
Re8 9. Qc2 e5 10. cxd5 Nxd5 11. Nxd5 cxd5 12. dxe5 Nxe5 13. Be2 Qf6 14. Nd4 a6
15. Rd1 Qg5 16. g3 Ng4 17. Nf3 Qh6 18. Rxd5 Bxg3 19. fxg3 Nxe3 20. Qd2 Nxd5 21.
Qxd5 Qe3 22. Ne5 Be6 23. Qd2 Qxd2+ 24. Kxd2 Rad8+ 25. Nd3 Bc4 26. Rd1 b5 27.
Bf1 Rd6 28. Kc2 h5 1/2-1/2

[Event "Aut_chT"]
[Site "Frohnleiten"]
[Date "2002.12.06"]
[Round "2.5"]
[White "Hoellrigl, Wilfried"]
[Black "Ebner, Hubert"]
[Result "0-1"]
[WhiteElo "2189"]
[BlackElo "2235"]
[PlyCount "46"]
[EventDate "2002.12.05"]

1. e4 e6 2. d4 d5 3. e5 c5 4. c3 Nc6 5. Nf3 Qb6 6. a3 Nh6 7. b4 cxd4 8. cxd4
Nf5 9. Be3 Be7 10. Bd3 Nxe3 11. fxe3 O-O 12. O-O f6 13. exf6 Bxf6 14. Nc3 Bd7
15. Rc1 Qd8 16. b5 Na5 17. e4 Be8 18. exd5 exd5 19. Qc2 h6 20. Ne2 Bf7 21. Bf5
Nc4 22. Qd3 Re8 23. Bg6 Bxg6 0-1

[Event "Aut_chT"]
[Site "Frohnleiten"]
[Date "2002.12.06"]
[Round "2.6"]
[White "Luther, Thomas"]
[Black "Bischoff, Klaus"]
[Result "1/2-1/2"]
[WhiteElo "2538"]
[BlackElo "2554"]
[PlyCount "32"]
[EventDate "2002.12.05"]

1. e4 c5 2. Nf3 d6 3. d4 cxd4 4. Nxd4 Nf6 5. Nc3 a6 6. Bg5 Nbd7 7. Bc4 Qb6 8.
Qd2 Qxb2 9. Rb1 Qa3 10. O-O Qa5 11. Nd5 Qxd2 12. Nc7+ Kd8 13. Nde6+ fxe6 14.
Nxe6+ Ke8 15. Nc7+ Kd8 16. Ne6+ Ke8 1/2-1/2

[Event "Aut_chT"]
[Site "Frohnleiten"]
[Date "2002.12.06"]
[Round "2.6"]
[White "Horvath, Csaba"]
[Black "Kindermann, Stefan"]
[Result "1-0"]
[WhiteElo "2506"]
[BlackElo "2519"]
[PlyCount "53"]
[EventDate "2002.12.05"]

1. d4 d5 2. c4 c6 3. Nc3 Nf6 4. e3 a6 5. Qc2 g6 6. Bd3 Bg7 7. Nf3 Bg4 8. Ne5
Be6 9. b3 c5 10. Ne2 cxd4 11. Nxd4 Bc8 12. O-O O-O 13. Bb2 dxc4 14. Bxc4 b5 15.
Bxf7+ Rxf7 16. Nxf7 Kxf7 17. Rfd1 Qe8 18. Rac1 Bg4 19. f3 Bd7 20. Qc7 a5 21.
Qb7 Na6 22. Ne2 Be6 23. Nf4 Nb4 24. Nxe6 Kxe6 25. Bxf6 Bxf6 26. a3 Rb8 27. Qe4+
1-0

[Event "Aut_chT"]
[Site "Frohnleiten"]
[Date "2002.12.06"]
[Round "2.6"]
[White "Freitag, Manfred"]
[Black "Hoelzl, Franz"]
[Result "1/2-1/2"]
[WhiteElo "2389"]
[BlackElo "2372"]
[PlyCount "53"]
[EventDate "2002.12.05"]

1. d4 Nf6 2. c4 e6 3. Nf3 d5 4. g3 Nc6 5. Bg2 dxc4 6. Qa4 Bb4+ 7. Bd2 Bd6 8.
Qxc4 O-O 9. O-O e5 10. dxe5 Nxe5 11. Nxe5 Bxe5 12. Bc3 Re8 13. Bxe5 Rxe5 14.
Nc3 c6 15. Rad1 Qb6 16. Qd4 Re8 17. Rd2 Bg4 18. Qxb6 axb6 19. Rfd1 b5 20. h3 b4
21. hxg4 bxc3 22. bxc3 Nxg4 23. Rb1 Ra3 24. Rc2 Ra7 25. Rcb2 h5 26. Rxb7 Rxa2
27. Rb8 1/2-1/2

[Event "Aut_chT"]
[Site "Frohnleiten"]
[Date "2002.12.06"]
[Round "2.6"]
[White "Moser, Günter"]
[Black "Karner, Christoph"]
[Result "1/2-1/2"]
[WhiteElo "2357"]
[BlackElo "2343"]
[PlyCount "37"]
[EventDate "2002.12.05"]

1. f4 d5 2. Nf3 Nf6 3. g3 c6 4. Bg2 Bg4 5. e3 Nbd7 6. h3 Bxf3 7. Qxf3 e5 8. Nc3
Bd6 9. d4 exd4 10. exd4 O-O 11. O-O Re8 12. a3 b5 13. Be3 a5 14. Rae1 Nb6 15.
Bc1 Nc4 16. a4 b4 17. Nd1 Qb6 18. Qd3 Bf8 19. b3 1/2-1/2

[Event "Aut_chT"]
[Site "Frohnleiten"]
[Date "2002.12.06"]
[Round "2.6"]
[White "Wittmann, Walter"]
[Black "Pilaj, Herwig"]
[Result "1-0"]
[WhiteElo "2345"]
[BlackElo "2360"]
[PlyCount "47"]
[EventDate "2002.12.05"]

1. e4 c5 2. Nf3 e6 3. b3 b6 4. d4 cxd4 5. Nxd4 Bb7 6. Nb5 a6 7. Nd6+ Bxd6 8.
Qxd6 Bxe4 9. Ba3 Nf6 10. Nd2 Bd5 11. Bd3 a5 12. O-O Na6 13. Bxa6 Rxa6 14. Rfe1
Bb7 15. Qd3 d5 16. Rad1 Bc8 17. c4 Ra7 18. cxd5 Nxd5 19. Nc4 Rd7 20. Qg3 Qf6
21. Qb8 Qd8 22. Qe5 Rg8 23. Nd6+ Rxd6 24. Bxd6 1-0

[Event "Aut_chT"]
[Site "Frohnleiten"]
[Date "2002.12.06"]
[Round "2.6"]
[White "Titz, Heimo"]
[Black "Singer, Richard"]
[Result "1/2-1/2"]
[WhiteElo "2325"]
[BlackElo "2281"]
[PlyCount "113"]
[EventDate "2002.12.05"]

1. d4 Nf6 2. c4 e6 3. Nc3 Bb4 4. Qc2 c5 5. dxc5 Bxc5 6. Nf3 b6 7. Bg5 Bb7 8. e3
Nc6 9. a3 h6 10. Bh4 Rc8 11. Be2 Ne7 12. Bxf6 gxf6 13. O-O Ng6 14. Rfd1 Rg8 15.
Kf1 f5 16. g3 Bxf3 17. Bxf3 Ne5 18. Be2 Qc7 19. Kg1 Qb7 20. Nb5 h5 21. Qc3 Nf3+
22. Bxf3 Qxf3 23. Nd6+ Bxd6 24. Rxd6 h4 25. Qd3 h3 26. Qf1 Rxc4 27. Qxh3 Rc2
28. Qg2 Qxg2+ 29. Kxg2 Rxb2 30. Rad1 Rg4 31. Rxd7 Ra4 32. Rd8+ Ke7 33. R1d7+
Kf6 34. Rf8 Rxa3 35. Rfxf7+ Ke5 36. Rxa7 Rxe3 37. Ra4 b5 38. Rf4 Re4 39. Rf3
Re1 40. Rb7 Rbb1 41. Rc3 Kd4 42. Rc6 Re2 43. Rd7+ Ke5 44. Rd3 Rbb2 45. Rc5+ Ke4
46. Rf3 Kd4 47. Rc1 b4 48. h4 Rec2 49. Re1 Re2 50. Rh1 Rec2 51. h5 Rc7 52. Rh4+
Ke5 53. Rff4 Rh7 54. Rxb4 Rxb4 55. Rxb4 Rxh5 56. g4 Rh4 57. Rb5+ 1/2-1/2

[Event "Aut_chT"]
[Site "Frohnleiten"]
[Date "2002.12.07"]
[Round "3.1"]
[White "Bischoff, Klaus"]
[Black "Tischbierek, Raj"]
[Result "1/2-1/2"]
[WhiteElo "2554"]
[BlackElo "2523"]
[PlyCount "57"]
[EventDate "2002.12.05"]

1. e4 c5 2. Nc3 d6 3. d3 Nc6 4. g4 e5 5. Bg2 Nge7 6. h4 Ng6 7. g5 h6 8. h5 Nf4
9. Bxf4 exf4 10. gxh6 Qg5 11. Bh3 Be6 12. Bxe6 fxe6 13. hxg7 Bxg7 14. Nf3 Rxh5
15. Kd2 Qh6 16. Rxh5 Qxh5 17. Qh1 Qxh1 18. Rxh1 O-O-O 19. Ne2 Bxb2 20. c3 c4
21. dxc4 e5 22. Kc2 Ba3 23. Nc1 Bxc1 24. Kxc1 Kc7 25. Kc2 Rg8 26. Kd3 Rg2 27.
Ke2 Rg7 28. Kd3 a6 29. Ke2 1/2-1/2

[Event "Aut_chT"]
[Site "Frohnleiten"]
[Date "2002.12.07"]
[Round "3.1"]
[White "Eichler, Christoph"]
[Black "Horvath, Csaba"]
[Result "0-1"]
[WhiteElo "2302"]
[BlackElo "2506"]
[PlyCount "60"]
[EventDate "2002.12.05"]

1. e4 c5 2. Nf3 e6 3. Nc3 a6 4. d4 cxd4 5. Nxd4 Qc7 6. Bd3 Nf6 7. O-O Nc6 8.
Nxc6 bxc6 9. Qe2 Bd6 10. Kh1 Bb7 11. Bg5 h6 12. Bd2 g5 13. Rae1 Be5 14. Nd1 c5
15. Bc3 h5 16. Bxe5 Qxe5 17. Ne3 Ng4 18. f4 gxf4 19. Nxg4 hxg4 20. Qxg4 f3 21.
g3 f5 22. Qg6+ Ke7 23. Qg5+ Kd6 24. Qd2 Kc7 25. Qa5+ Kb8 26. Rxf3 fxe4 27. h4
Qh5 28. Rf4 exd3+ 29. Kh2 Qd5 30. Rf2 Ka7 0-1

[Event "Aut_chT"]
[Site "Frohnleiten"]
[Date "2002.12.07"]
[Round "3.1"]
[White "Hoelzl, Franz"]
[Black "Beck, Hartmuth"]
[Result "0-1"]
[WhiteElo "2372"]
[BlackElo "2257"]
[PlyCount "70"]
[EventDate "2002.12.05"]

1. Nf3 g6 2. d4 Bg7 3. e4 c5 4. dxc5 Qa5+ 5. c3 Qxc5 6. Bd3 d6 7. O-O Nf6 8. h3
O-O 9. c4 Be6 10. Qe2 a6 11. Nc3 Rc8 12. Nd5 Bxd5 13. exd5 b5 14. Be3 Qc7 15.
b3 bxc4 16. bxc4 Nbd7 17. Rfe1 Nc5 18. Rac1 Rab8 19. Bb1 Rb7 20. Nd4 Nfd7 21.
Nc6 Ne5 22. Bxc5 Nxc6 23. dxc6 Rb2 24. Qxe7 Qxe7 25. Rxe7 dxc5 26. Be4 Bd4 27.
Rf1 Re2 28. Bf5 Rxe7 29. Bxc8 Kf8 30. Bd7 Be5 31. Re1 Bc7 32. Rb1 Re4 33. f3
Rxc4 34. Re1 Bg3 35. Kf1 Rc2 0-1

[Event "Aut_chT"]
[Site "Frohnleiten"]
[Date "2002.12.07"]
[Round "3.1"]
[White "Peterwagner, Heinz"]
[Black "Moser, Günter"]
[Result "1/2-1/2"]
[WhiteElo "2243"]
[BlackElo "2357"]
[PlyCount "52"]
[EventDate "2002.12.05"]

1. e4 c6 2. d4 d5 3. Nd2 dxe4 4. Nxe4 Bf5 5. Ng3 Bg6 6. Nf3 Nd7 7. h4 h6 8. h5
Bh7 9. Bd3 Bxd3 10. Qxd3 Ngf6 11. Bd2 e6 12. Qe2 Qc7 13. O-O-O O-O-O 14. Ne5
Nb6 15. Ba5 Rd5 16. Bxb6 axb6 17. c4 Ra5 18. Kb1 Bd6 19. f4 Re8 20. Rhe1 Bf8
21. Ne4 Nxe4 22. Qxe4 Rd8 23. g4 Kb8 24. Rd3 Ra4 25. Red1 Ra5 26. d5 cxd5
1/2-1/2

[Event "Aut_chT"]
[Site "Frohnleiten"]
[Date "2002.12.07"]
[Round "3.1"]
[White "Pilaj, Herwig"]
[Black "Opl, Klaus"]
[Result "1-0"]
[WhiteElo "2360"]
[BlackElo "2279"]
[PlyCount "87"]
[EventDate "2002.12.05"]

1. Nf3 Nf6 2. d4 e6 3. c4 d5 4. Nc3 c6 5. cxd5 exd5 6. Qc2 Be7 7. Bg5 Nbd7 8.
e3 O-O 9. Bd3 Re8 10. O-O Nf8 11. Rae1 Ne4 12. Bxe7 Qxe7 13. Bxe4 dxe4 14. Nd2
f5 15. f3 exf3 16. Nxf3 Be6 17. e4 fxe4 18. Rxe4 h6 19. Rfe1 Qf7 20. R4e3 Bf5
21. Qe2 Rxe3 22. Qxe3 Rd8 23. d5 cxd5 24. Qxa7 Be4 25. Nxe4 dxe4 26. Rxe4 Ng6
27. Qa4 Kh7 28. Re1 Qf6 29. Qc2 Kh8 30. Qe4 Qb6+ 31. Kh1 Rd6 32. b3 Rf6 33. Qe3
Qb4 34. Qe8+ Kh7 35. Qe4 Qb6 36. Qe3 Qa5 37. a4 Qb4 38. h3 Nf4 39. Qe4+ Qxe4
40. Rxe4 Nxh3 41. Rb4 b6 42. Ne5 Nf4 43. Nd7 Rd6 44. Nf8+ 1-0

[Event "Aut_chT"]
[Site "Frohnleiten"]
[Date "2002.12.07"]
[Round "3.1"]
[White "Schmidt, Georg"]
[Black "Titz, Heimo"]
[Result "1/2-1/2"]
[WhiteElo "2246"]
[BlackElo "2325"]
[PlyCount "139"]
[EventDate "2002.12.05"]

1. e4 c5 2. Nf3 Nc6 3. d4 cxd4 4. Nxd4 Nf6 5. Nc3 d6 6. Be2 e5 7. Nb3 Be7 8.
O-O O-O 9. f4 exf4 10. Bxf4 Be6 11. Kh1 Ne8 12. Nd5 Bxd5 13. Qxd5 Bf6 14. c3
Be5 15. Bxe5 dxe5 16. Nc5 Qe7 17. Rad1 Nf6 18. Qd6 Rfe8 19. Bb5 Rac8 20. Qxe7
Rxe7 21. Rd6 Ne8 22. Rd2 a6 23. Ba4 g6 24. Rd7 Rxd7 25. Nxd7 b5 26. Bb3 Nd6 27.
Rf6 Nxe4 28. Rxf7 Kh8 29. h4 Nd6 30. Rf6 Ne4 31. Re6 Rc7 32. Nxe5 Nxe5 33. Rxe5
Nc5 34. Bc2 Kg7 35. Rd5 Rc6 36. h5 gxh5 37. Rxh5 h6 38. Rh4 Rd6 39. g3 Nd3 40.
b4 Ne5 41. a4 Rd2 42. Rh2 Rd6 43. axb5 axb5 44. Re2 Kf6 45. Rf2+ Ke7 46. Rf5
Ke6 47. Rh5 Kd5 48. Bb3+ Ke4 49. Bc2+ Kd5 50. Bd3 Rc6 51. Bxb5 Rxc3 52. Kg2
Rc2+ 53. Kh3 Rb2 54. Bc6+ Kxc6 55. Rxe5 Rxb4 56. Re6+ Kd7 57. Re1 Rb5 58. Kh4
Rg5 59. g4 Kd6 60. Re8 Rg6 61. Kh5 Rg5+ 62. Kh4 Rg6 63. Re2 Kd5 64. Rf2 Ke6 65.
Rf5 Rf6 66. Ra5 Kf7 67. Kh5 Kg7 68. Ra7+ Kg8 69. Rb7 Ra6 70. Rc7 1/2-1/2

[Event "Aut_chT"]
[Site "Frohnleiten"]
[Date "2002.12.07"]
[Round "3.2"]
[White "Boensch, Uwe"]
[Black "Luther, Thomas"]
[Result "1-0"]
[WhiteElo "2540"]
[BlackElo "2538"]
[PlyCount "87"]
[EventDate "2002.12.05"]

1. d4 e6 2. c4 Nf6 3. Nf3 d5 4. Nc3 c6 5. e3 Nbd7 6. Bd3 dxc4 7. Bxc4 b5 8. Bd3
Bb7 9. a3 a6 10. b4 a5 11. Rb1 axb4 12. axb4 Nd5 13. Nxd5 exd5 14. O-O Bd6 15.
e4 dxe4 16. Bxe4 O-O 17. Bc2 Qc7 18. Qd3 g6 19. Bb3 Nf6 20. Ne5 Rad8 21. Qh3
Bc8 22. Qh4 Nh5 23. Bg5 Rde8 24. g4 Ng7 25. Rfe1 Be6 26. Bf6 Be7 27. Bxe7 Rxe7
28. Nxc6 Qxc6 29. Qxe7 Qf3 30. Bd1 Qf4 31. Qc5 Bc4 32. Qe5 Qd2 33. Qe3 Qa2 34.
Bb3 Bxb3 35. Qxb3 Qd2 36. Qe3 Qa2 37. Qb3 Qd2 38. d5 Qg5 39. h3 Nh5 40. Rbd1
Nf4 41. Qg3 f5 42. d6 fxg4 43. hxg4 Qh6 44. Re3 1-0

[Event "Aut_chT"]
[Site "Frohnleiten"]
[Date "2002.12.07"]
[Round "3.2"]
[White "Kindermann, Stefan"]
[Black "Schlosser, Philipp"]
[Result "1-0"]
[WhiteElo "2519"]
[BlackElo "2534"]
[PlyCount "57"]
[EventDate "2002.12.05"]

1. e4 c6 2. c4 d5 3. cxd5 cxd5 4. exd5 Nf6 5. Nc3 Nxd5 6. Nf3 e6 7. Bc4 Nc6 8.
O-O Be7 9. d4 O-O 10. Re1 Nxc3 11. bxc3 b6 12. Bd3 Bb7 13. h4 Rc8 14. Ng5 h6
15. Nh7 Bxh4 16. Nxf8 Kxf8 17. Be4 Na5 18. Bxb7 Nxb7 19. Qf3 Qd7 20. Ba3+ Kg8
21. Rad1 Na5 22. d5 e5 23. Rxe5 Bf6 24. Re4 Rxc3 25. Rd3 Rc8 26. d6 Nc4 27. Re7
Bxe7 28. dxe7 Qe8 29. Qf5 1-0

[Event "Aut_chT"]
[Site "Frohnleiten"]
[Date "2002.12.07"]
[Round "3.2"]
[White "Stangl, Markus"]
[Black "Freitag, Manfred"]
[Result "0-1"]
[WhiteElo "2494"]
[BlackElo "2389"]
[PlyCount "158"]
[EventDate "2002.12.05"]

1. Nf3 Nf6 2. c4 g6 3. g3 Bg7 4. Bg2 O-O 5. d4 d6 6. O-O c6 7. Nc3 Qa5 8. Qd2
Qh5 9. Qg5 Qxg5 10. Bxg5 Be6 11. b3 h6 12. Bf4 d5 13. Ne5 Rd8 14. Rfd1 Nbd7 15.
Rac1 dxc4 16. Nxc4 g5 17. Bc7 Rdc8 18. Ba5 Rab8 19. e4 Bxc4 20. bxc4 b6 21. Bb4
c5 22. dxc5 bxc5 23. Ba3 e6 24. Nb5 a6 25. Nd6 Rc7 26. Rb1 Rxb1 27. Rxb1 Bf8
28. Nb7 Ne5 29. Na5 Nfd7 30. Rb3 g4 31. Bc1 h5 32. Kf1 Rc8 33. Ke2 Bd6 34. f4
gxf3+ 35. Bxf3 Bc7 36. Ra3 h4 37. gxh4 Rb8 38. Nb3 Nxc4 39. Rxa6 Nce5 40. Nd2
Bd8 41. Ra4 Bxh4 42. Ba3 Bg5 43. Bg2 Bxd2 44. Kxd2 Nb6 45. Ra6 Nbc4+ 46. Kc3
Nxa3 47. Rxa3 Rb1 48. Kc2 Rg1 49. Rg3+ Kf8 50. a4 Ra1 51. Kb3 Rb1+ 52. Ka2 Rb4
53. a5 Nc4 54. Rc3 Nxa5 55. Rxc5 Nc4 56. Rg5 f6 57. Rg3 Rb2+ 58. Ka1 Rf2 59.
Bh3 Ke7 60. Rc3 Rxh2 61. Bxe6 Kxe6 62. Rxc4 Ke5 63. Kb1 Re2 64. Kc1 Rxe4 65.
Rc5+ Kf4 66. Kd2 f5 67. Kd3 Re3+ 68. Kd2 Re8 69. Rc3 Kg4 70. Rb3 f4 71. Rb1 Kg3
72. Rb7 f3 73. Kd3 Kg2 74. Rg7+ Kf1 75. Ra7 f2 76. Kd2 Rg8 77. Ke3 Kg2 78. Ra2
Re8+ 79. Kf4 Kg1 0-1

[Event "Aut_chT"]
[Site "Frohnleiten"]
[Date "2002.12.07"]
[Round "3.2"]
[White "Karner, Christoph"]
[Black "Weinzettl, Ernst"]
[Result "1/2-1/2"]
[WhiteElo "2343"]
[BlackElo "2354"]
[PlyCount "88"]
[EventDate "2002.12.05"]

1. d4 d5 2. c4 e6 3. Nc3 c5 4. cxd5 exd5 5. Nf3 Nc6 6. g3 Nf6 7. Bg2 Be7 8. O-O
O-O 9. Bg5 c4 10. Ne5 Be6 11. Rc1 Rc8 12. Nxc6 bxc6 13. b3 Qa5 14. Qd2 Rfd8 15.
bxc4 dxc4 16. e4 h6 17. Nd5 Rxd5 18. exd5 Bb4 19. Qe2 Nxd5 20. Be3 Nc3 21. Qb2
Nb5 22. Qe2 c3 23. Be4 Nd6 24. Bb1 Bh3 25. Qc2 g6 26. Qb3 Qd5 27. f3 Qxb3 28.
axb3 Bxf1 29. Kxf1 Nb5 30. Ke2 Rd8 31. Kd3 c5 32. d5 Na3 33. Bxh6 Rxd5+ 34. Ke4
Rd4+ 35. Ke5 Ba5 36. Be4 Bc7+ 37. Kf6 Bd8+ 38. Ke5 Rd7 39. Rxc3 Bc7+ 40. Kf6
Bd8+ 41. Ke5 Bc7+ 42. Kf6 Nb5 43. Rxc5 Bd8+ 44. Ke5 Bc7+ 1/2-1/2

[Event "Aut_chT"]
[Site "Frohnleiten"]
[Date "2002.12.07"]
[Round "3.2"]
[White "Blaas, Hansjoerg"]
[Black "Watzka, Horst"]
[Result "1/2-1/2"]
[WhiteElo "2266"]
[BlackElo "2348"]
[PlyCount "31"]
[EventDate "2002.12.05"]

1. e4 c5 2. Nf3 Nc6 3. Bb5 g6 4. c3 Nf6 5. e5 Nd5 6. O-O Bg7 7. d4 cxd4 8. cxd4
O-O 9. Nc3 Nc7 10. Bf4 Nxb5 11. Nxb5 a6 12. Nc3 d6 13. exd6 exd6 14. d5 Ne5 15.
Nxe5 dxe5 16. Be3 1/2-1/2

[Event "Aut_chT"]
[Site "Frohnleiten"]
[Date "2002.12.07"]
[Round "3.2"]
[White "Singer, Richard"]
[Black "Hoellrigl, Wilfried"]
[Result "0-1"]
[WhiteElo "2281"]
[BlackElo "2189"]
[PlyCount "122"]
[EventDate "2002.12.05"]

1. d4 Nf6 2. c4 g6 3. Nc3 d5 4. Nf3 Bg7 5. Qb3 dxc4 6. Qxc4 O-O 7. e4 a6 8. e5
b5 9. Qb3 Nfd7 10. Bf4 c5 11. d5 Nb6 12. Rd1 Bb7 13. h4 c4 14. Qa3 Nxd5 15.
Nxd5 Bxd5 16. h5 e6 17. Nd4 Qc7 18. Qh3 g5 19. h6 gxf4 20. hxg7 Qxe5+ 21. Ne2
Qxg7 22. Nxf4 Be4 23. Be2 Nc6 24. Nh5 Qe5 25. Qh4 Bg6 26. f4 Qxb2 27. Nf6+ Kg7
28. Ng4 h5 29. Ne3 Qf6 30. Qxf6+ Kxf6 31. Rd6 Ne7 32. Bxh5 Rh8 33. g4 Bxh5 34.
gxh5 Nf5 35. Ng4+ Ke7 36. Rc6 Ra7 37. Ne5 Nd4 38. h6 a5 39. f5 exf5 40. Rh4 Ne6
41. h7 Kf6 42. Nf3 Kg7 43. Rh5 Rxh7 44. Rxf5 Rb7 45. Kf2 Rh6 46. Rc8 Rf6 47.
Rh5 Rd7 48. Rhh8 Rd2+ 49. Ke1 Rxf3 50. Kxd2 Ra3 51. Rh5 Rxa2+ 52. Kc1 Nd4 53.
Rh4 Ne2+ 54. Kd1 Nc3+ 55. Ke1 a4 56. Rf4 Re2+ 57. Kf1 Re6 58. Rc5 a3 59. Rcf5
a2 60. Rxf7+ Kg6 61. Ra7 Na4 0-1

[Event "Aut_chT"]
[Site "Frohnleiten"]
[Date "2002.12.07"]
[Round "3.3"]
[White "Blatny, Pavel"]
[Black "Rabiega, Robert"]
[Result "0-1"]
[WhiteElo "2479"]
[BlackElo "2503"]
[PlyCount "64"]
[EventDate "2002.12.05"]

1. f4 d5 2. b3 Nf6 3. Bb2 g6 4. e3 Bg7 5. Be2 c5 6. Nf3 Nc6 7. Ne5 O-O 8. O-O
Nxe5 9. Bxe5 Ne8 10. Bxg7 Nxg7 11. d4 Nf5 12. Qd2 cxd4 13. exd4 Qb6 14. Rd1 Bd7
15. Nc3 e6 16. g4 Nd6 17. f5 Rac8 18. f6 Qa5 19. b4 Qa3 20. Nb1 Qb2 21. Qf4 Ne4
22. Bf3 Nxf6 23. Qxf6 Qxa1 24. h4 Rxc2 25. h5 Rfc8 26. h6 Kf8 27. Qf4 Qb2 28.
Rf1 R2c4 29. Be4 Qxd4+ 30. Kh2 Be8 31. Qd6+ Kg8 32. Bxg6 hxg6 0-1

[Event "Aut_chT"]
[Site "Frohnleiten"]
[Date "2002.12.07"]
[Round "3.3"]
[White "Muse, Mladen"]
[Black "Loeffler, Stefan"]
[Result "1/2-1/2"]
[WhiteElo "2474"]
[BlackElo "2398"]
[PlyCount "36"]
[EventDate "2002.12.05"]

1. d4 d5 2. c4 e6 3. Nc3 Bb4 4. cxd5 exd5 5. Nf3 c6 6. Bf4 Ne7 7. Rc1 O-O 8. e3
Bd6 9. Bg3 Re8 10. Bd3 Bf5 11. Ne5 Bxd3 12. Qxd3 Ng6 13. Nf3 Qe7 14. Bxd6 Qxd6
15. O-O Nd7 16. b4 b5 17. a4 a6 18. Rb1 Nb6 1/2-1/2

[Event "Aut_chT"]
[Site "Frohnleiten"]
[Date "2002.12.07"]
[Round "3.3"]
[White "Penz, Harald"]
[Black "Grosar, Aljosa"]
[Result "1/2-1/2"]
[WhiteElo "2324"]
[BlackElo "2474"]
[PlyCount "83"]
[EventDate "2002.12.05"]

1. e4 d6 2. d4 Nf6 3. Nc3 g6 4. Nf3 Bg7 5. Be2 O-O 6. O-O Bg4 7. Be3 Nc6 8. d5
Bxf3 9. Bxf3 Ne5 10. Be2 c6 11. f3 Qa5 12. Qd2 Rfc8 13. Rfd1 cxd5 14. Nxd5 Qxd2
15. Nxf6+ Bxf6 16. Rxd2 Nc4 17. Bxc4 Rxc4 18. c3 b5 19. Rad1 b4 20. cxb4 Rxb4
21. b3 a5 22. Rc2 a4 23. bxa4 Rbxa4 24. Rdd2 h5 25. Kf2 Kh7 26. h3 g5 27. Ke2
Kg6 28. Bf2 Be5 29. Be3 Ra3 30. Kf2 e6 31. Ke2 h4 32. Kf2 f5 33. exf5+ exf5 34.
Ke2 Kh5 35. Kf2 Bg3+ 36. Ke2 Re8 37. Rd3 Ra5 38. Kd1 Rea8 39. Rdd2 Ra3 40. Ke2
Bh2 41. Rb2 Bg3 42. Rbc2 1/2-1/2

[Event "Aut_chT"]
[Site "Frohnleiten"]
[Date "2002.12.07"]
[Round "3.3"]
[White "Fahrner, Kurt"]
[Black "Roth, Peter"]
[Result "1-0"]
[WhiteElo "2364"]
[BlackElo "2323"]
[PlyCount "80"]
[EventDate "2002.12.05"]

1. c4 e5 2. Nc3 Nf6 3. g3 c6 4. Nf3 e4 5. Nd4 d5 6. cxd5 cxd5 7. Bg2 Nc6 8.
Nxc6 bxc6 9. d3 exd3 10. Qxd3 Be7 11. O-O O-O 12. b3 Be6 13. Rd1 Qd7 14. Bb2
Rfd8 15. Rac1 Rac8 16. Na4 Bh3 17. Qd4 Bxg2 18. Kxg2 Bf8 19. Nc5 Qf5 20. Qf4
Qxf4 21. gxf4 Re8 22. e3 Bd6 23. Bd4 Kf8 24. Rc2 Ng8 25. Kh1 f5 26. Rdc1 Kf7
27. Nd3 Ne7 28. Bxa7 Ke6 29. Bd4 g6 30. Nc5+ Bxc5 31. Bxc5 Ng8 32. Bd4 Kd7 33.
Rc5 Nh6 34. b4 Nf7 35. b5 cxb5 36. Rxd5+ Ke6 37. Rxc8 Rxc8 38. Rxb5 Nd6 39. Rb2
Kd5 40. a4 Ke4 1-0

[Event "Aut_chT"]
[Site "Frohnleiten"]
[Date "2002.12.07"]
[Round "3.3"]
[White "Mueller, Roland"]
[Black "Frosch, Erich"]
[Result "0-1"]
[WhiteElo "2188"]
[BlackElo "2343"]
[PlyCount "78"]
[EventDate "2002.12.05"]

1. e4 e5 2. Nf3 Nc6 3. Bb5 a6 4. Ba4 Nf6 5. O-O b5 6. Bb3 Bc5 7. d3 d6 8. c3
Bg4 9. h3 Bh5 10. Re1 Qd7 11. Be3 O-O 12. Bg5 Kh8 13. Nbd2 h6 14. Bxf6 gxf6 15.
g4 Rg8 16. Kf1 Bg6 17. Bd5 Rad8 18. Bxc6 Qxc6 19. Qe2 d5 20. Nh2 Qd7 21. Red1
Bf8 22. b3 Qe6 23. c4 dxc4 24. bxc4 b4 25. Nb3 f5 26. f3 f4 27. d4 exd4 28.
Nxd4 Qf6 29. Nc2 Be7 30. Kg2 a5 31. Nf1 a4 32. Rab1 Qc3 33. Rd5 c6 34. Rxd8
Rxd8 35. Rd1 b3 36. axb3 axb3 37. Rxd8+ Bxd8 38. Ne1 Ba5 39. Nd3 Qxc4 0-1